Loading...
| Science - Chemistry | 4 | 2 | 0 | 0 | 80 | 41 | 60.00 | 6 | 6 | 0.00 | 0.00 |
| Fine Arts - Other | 0 | 6 | 0 | 1 | 60 | 99 | 115.00 | 3 | 6 | 0.00 | 0.00 |
| Fine Arts - Auditory | 1 | 3 | 0 | 2 | 45 | 78 | 118.00 | 2 | 4 | 0.00 | 0.00 |
| Literature - World | 0 | 2 | 0 | 1 | 20 | 102 | 123.50 | 0 | 2 | 0.00 | 0.00 |
| Philosophy | 0 | 2 | 0 | 1 | 20 | 84 | 110.00 | 0 | 2 | 0.00 | 0.00 |
| Social Science | 0 | 2 | 0 | 0 | 20 | 68 | 73.50 | 0 | 2 | 0.00 | 0.00 |
| History - Ancient/Other | 0 | 2 | 0 | 1 | 20 | 94 | 119.00 | 0 | 2 | 0.00 | 0.00 |
| Literature - European | 0 | 2 | 0 | 0 | 20 | 102 | 116.50 | 1 | 2 | 0.00 | 0.00 |
| Science - Physics | 1 | 1 | 1 | 0 | 20 | 29 | 55.00 | 1 | 2 | 0.00 | 0.00 |
| Science - Other | 1 | 0 | 0 | 0 | 15 | 48 | 48.00 | 1 | 1 | 0.00 | 0.00 |
| History - European | 0 | 1 | 0 | 0 | 10 | 79 | 79.00 | 0 | 1 | 0.00 | 0.00 |
| Science - Biology | 0 | 2 | 2 | 0 | 10 | 82 | 99.50 | 0 | 2 | 0.00 | 0.00 |
| Fine Arts - Visual | 0 | 0 | 1 | 0 | -5 | 0.00 | 0 | 0 | 0.00 | 0.00 |